The Anatomical Basis of Dentistry (Record no. 1574)

MARC details
000 -LEADER
fixed length control field 00796cam a22002894a 4500
001 - CONTROL NUMBER
control field 12229140
003 - CONTROL NUMBER IDENTIFIER
control field OSt
005 - DATE AND TIME OF LATEST TRANSACTION
control field 20180419130153.0
008 - FIXED-LENGTH DATA ELEMENTS--GENERAL INFORMATION
fixed length control field 001113s2001 moua 001|0 eng c
010 ## - LIBRARY OF CONGRESS CONTROL NUMBER
LC control number 00066437
020 ## - INTERNATIONAL STANDARD BOOK NUMBER
International Standard Book Number 032301013X (pbk.)
035 ## - SYSTEM CONTROL NUMBER
System control number (DNLM)100970865
040 ## - CATALOGING SOURCE
Original cataloging agency DNLM/ DLC
Transcribing agency DLC
Modifying agency DLC
042 ## - AUTHENTICATION CODE
Authentication code pcc
050 00 - LIBRARY OF CONGRESS CALL NUMBER
Classification number QM535
Item number .L53 2001
060 10 - NATIONAL LIBRARY OF MEDICINE CALL NUMBER
Classification number WU 101
Item number L716a 2001
082 00 - DEWEY DECIMAL CLASSIFICATION NUMBER
Classification number WU 101 L621a 2001
Edition number 21
100 1# - MAIN ENTRY--PERSONAL NAME
Personal name Liebgott, Bernard.
9 (RLIN) 4167
245 14 - TITLE STATEMENT
Title The Anatomical Basis of Dentistry
250 ## - EDITION STATEMENT
Edition statement 2nd ed.
260 ## - PUBLICATION, DISTRIBUTION, ETC. (IMPRINT)
Place of publication, distribution, etc. St. Louis :
Name of publisher, distributor, etc. Mosby,
Date of publication, distribution, etc. c2001.
300 ## - PHYSICAL DESCRIPTION
Extent x, 546 p. :
Other physical details ill. (some col.) ;
Dimensions 28 cm.
504 ## - BIBLIOGRAPHY, ETC. NOTE
Bibliography, etc Includes index.
650 #0 - SUBJECT ADDED ENTRY--TOPICAL TERM
Topical term or geographic name as entry element Dental anatomy
9 (RLIN) 3287
906 ## - LOCAL DATA ELEMENT F, LDF (RLIN)
a 7
b cbc
c orignew
d 1
e ocip
f 20
g y-gencatlg
942 ## - ADDED ENTRY ELEMENTS (KOHA)
Source of classification or shelving scheme Other/Generic Classification Scheme
Koha item type Short Loan
Holdings
Withdrawn status Lost status Source of classification or shelving scheme Damaged status Not for loan Home library Current library Date acquired Source of acquisition Inventory number Total Checkouts Full call number Barcode Date last seen Koha item type
    Other/Generic Classification Scheme     MUST Main Library MUST Main Library 24/04/2015   04/21938   WU 101 L621a 2001 2015-1147 24/04/2015 Short Loan